Ultimo - Ti dedico il silenzio - testo - Statistics

Statistiche generali
  • Questo quiz è stato fatto 383 volte
  • Il punteggio medio è 221 su 291
Statistiche sulle risposte
Risposta % Corretto
i
98%
silenzio
97%
il
95%
ti
95%
E
93%
e
93%
È
93%
è
93%
dedico
92%
a
90%
non
89%
Non
89%
Se
89%
se
89%
te
89%
di
88%
Di
88%
un
88%
Un
88%
tu
87%
che
86%
Che
86%
in
86%
le
86%
mi
86%
Io
85%
io
85%
Ma
85%
ma
85%
da
84%
lo
84%
per
84%
Per
84%
la
83%
So
83%
so
83%
C'è
80%
solo
80%
ci
77%
parole
77%
quanto
75%
tempo
75%
Tra
75%
anche
74%
cerco
71%
motivo
70%
questo
70%
tanto
70%
vivo
70%
sentirmi
69%
posto
68%
semplice
68%
strana
68%
basta
67%
del
67%
lontane
67%
Meriti
67%
rumore
67%
stasera
67%
casa
66%
visitare
66%
costa
65%
penso
65%
quelle
65%
queste
65%
ho
64%
inutili
64%
manca
64%
paure
64%
pesano
64%
un'aria
64%
sai
63%
vero
63%
niente
62%
notte
62%
rumori
62%
comprendi
61%
già
61%
poi
61%
spento
61%
telefono
61%
torno
61%
traffico
61%
Ed
59%
nel
59%
Questa
59%
sera
59%
suo
59%
come
58%
guarda
58%
respiro
58%
rispondi
58%
loro
57%
senza
57%
siamo
57%
via
57%
chiamo
56%
provo
56%
andato
55%
Dici
55%
farlo
55%
gente
55%
altrove
54%
dormire
54%
cielo
53%
l'alba,
53%
neanche
53%
pensarti
53%
colore
52%
dormo
52%
pronti
52%
ancora
51%
essere
51%
Esco
50%
volare
48%
avessi
45%
capirti
45%
quadro
45%
saprei
44%
soltanto
43%
pace
42%
Nessun quiz corrispondente trovato
Distribuzione punteggi
Percentuale di utenti per punteggio
Percentile per numero di risposta
I tuoi punteggi nel tempo
Non hai fatto questo quiz